Регионална библиотека "Любен Каравелов" - Русе

Историята на Дарън Шан (Запис номер 88090)

MARC детайли
000 -Лидер
Контролно поле с фиксирана дължина 01642nam a2200373 c 4500
003 - Код на организацията, давaща контролен номер
Контролно поле BLK
005 - Дата и час на последна редакция
Контролно поле 20240111150102.0
008 - Елементи от данни с фиксирана дължина
fixed length control field 180408b bul|||||r ||||||| ||bul||
010 ## - Наследен системен номер
LC control number KNG00092746000
020 ## - Международен стандартен номер на книга ISBN
Международен стандартен номер на книга ISBN 978-954-27-0385-3
040 ## - Източник на каталожния запис
Идентификатор на билиотеката - собственик на записа BLK
041 ## - Код за език
Код за езика на текст/звукозапис или на отделно заглавие Български
Код за езика КДБФ Български
080 ## - УДК
Текстов определител УДК Ирландска литература (на Ейре) на английски език (вж и 821.152.1)
УДК код - определител по УДК 821.111(417)
УДК определител -93-31
УДК - код + определител 821.111(417)-93-31
100 1# - Редна дума - Автор
Автор Шан, Дарън
Авторска отговорност първи автор
Автор - информация (биография) О'Шонеси, Дарън (O'Shaughnessy, Darren)
R(LIN) 303015
139 ## - Редно поле
Редна дума Шан, Дарън
Авторски знак Шан - Ш 22
245 10 - Сведения за заглавието
Заглавие Историята на Дарън Шан
Подзаглавни данни Кн. 1 -
Редно поле (дума) Дарън Шан; прев. Владимир Георгиев Молев.
Том Кн. 1
Заглавие на том Циркът на кошмарите
257 ## - Страна на издаване
Страна на създаване/издаване Великобритания
260 ## - Област на издателските данни
Име на издателя, разпространителя и проч. Егмонт България
Година на издаване 2009 -
300 ## - Физическа характеристика
Размери/Мащаб 20 см
Страници 176 стр
380 ## - Жанр
Жанр Детска худож. лит.
500 ## - Общи забележки
Забележка Ориг. загл. The Saga of Darren Shan / Darren Shan. - Дарън Шан е псевд. на Дарън О'Шонеси (Darren O'Shaughnessy).
653 ## - Ключова дума – ненормативна
Ключова дума литература за деца
653 ## - Ключова дума – ненормативна
Ключова дума детска литература
653 ## - Ключова дума – ненормативна
Ключова дума хорър
700 1# - Други автори (авторска отговорност)
Лично име Молев, Владимир Георгиев
Автороска отговорност (Описва отношението между автора и произведението) прев.
9 (RLIN) 98667
760 1# - Описание на основната серия
Редна дума на основното описание Шан, Дарън
Място на издаване, издател и година 2009
Страници - том 176 с.
Забележка - том Ориг. загл. Cirque du Freak.
Заглавие Кн. 1 Циркът на кошмарите
852 ## - Местоположение
Форматна сигнатура Цб 246063
856 4# - Електронен адрес и достъп
Електронен формат pdf - файл
856 4# - Електронен адрес и достъп
Електронен формат pdf - файл
942 ## - АРТИКУЛИ
Вид на библиотечния материал Книги
Скрит в OPAC Не
Koha issues (borrowed), all copies 14
944 ## - СЪЗДАВАНЕ И РЕДАКЦИЯ на ЗАПИСА
Създаване/Редакция Създаване
Дата на регистрацията/редакция 24.11.2009
Статус, дата на статуса Минев Младен
Служител, извършил регистрацията/редакцията 30530
944 ## - СЪЗДАВАНЕ И РЕДАКЦИЯ на ЗАПИСА
Създаване/Редакция Редакция
Дата на регистрацията/редакция 30.05.2012
Статус, дата на статуса ф /
999 ## - СИСТЕМНИ КОНТРОЛНИ НОМЕРА
Koha biblionumber 88090
Koha biblioitemnumber 88090
999 ## - СИСТЕМНИ КОНТРОЛНИ НОМЕРА
Koha biblioitemnumber 88090
Наличности
Код за отписване Код за изгубен артикул Код за повреда Коз за рестрикции Код за отдаване Артикулен № Име на библиотеката - собственик Име на библиотеката, в която се намира в момента Статус (Текущо местоположение) Дата на вписване в системата Местоположение - отдел Цена в лева Инвентарен номер Систематично азбучна сигнатура Баркод Номер на екземпляра Цена в евро Служебна бележка Служебен тип на артикула
  Не е изгубен Не е повреден без рестрикции ползва се в читалня 142652 Регионална библиотека "Любен Каравелов" Русе Регионална библиотека "Любен Каравелов" Русе Хранилище 2010-11-23 Хранилище 5.99 120000747582 Цб 246063 120000747582 1 3.06 Дост: Dp Вид: Д N: 14 Дата: 24.03.2010 Книги
  Не е изгубен Не е повреден без рестрикции заемане за дома 142653 Регионална библиотека "Любен Каравелов" Русе Регионална библиотека "Любен Каравелов" Русе Детски отдел 2012-05-16 Детски отдел 4.79 120000757382 ДХ 820/899/Ш 22 120000757382 2 2.45 Дост: DA Вид: А N: 7 Дата: 16.05.2012 Дата инв: 17.08.2015 Бележки инв: Д2015 Книги
Vip Innovations Ltd, Rousse, Bulgaria 2025